[Event "XVII. DBMM Schach"]
[Site "Berlin"]
[Date "2017.11.02"]
[Round "1.2"]
[White "Kleeschaetzky, Rainer"]
[Black "Hoffmann, Michael"]
[Result "1-0"]
[WhiteElo "2304"]
[BlackElo "1949"]
[Annotator "br"]
[PlyCount "75"]
[EventDate "2017.??.??"]
[EventType "team-swiss"]
[EventRounds "7"]
[EventCountry "GER"]
[SourceTitle "XVII. DBMM 2017"]
[Source "FV Schach e.V."]
[SourceDate "2018.05.26"]
[SourceVersion "1"]
[SourceVersionDate "2018.05.26"]
[SourceQuality "1"]
[WhiteTeam "Deutsche Bahn/BSW Berlin"]
[BlackTeam "Gardez Robe Berlin"]
[WhiteTeamCountry "GER"]
[BlackTeamCountry "GER"]

1. e4 c5 2. c3 e5 3. Nf3 Nc6 4. Bc4 Qc7 5. d3 d6 6. Nbd2 Nf6 7. Nf1 Be6 8. Ng3
Be7 9. Ng5 Nd8 10. Nxe6 Nxe6 11. Nf5 O-O 12. O-O Qd7 13. Qe2 b5 14. Bb3 Rfe8
15. Be3 Bf8 16. Qf3 Rad8 17. a4 a6 18. axb5 axb5 19. c4 bxc4 20. Ba4 Qb7 21.
Bxe8 Rxe8 22. dxc4 Qxb2 23. Nh6+ gxh6 24. Qxf6 Qb7 25. Qf5 Bg7 26. Rfb1 Qe7 27.
Ra6 Nd4 28. Qg4 Qf6 29. Rab6 Kf8 30. h3 Rd8 31. Rb8 Qe7 32. R1b7 Qe8 33. Rxd8
Qxd8 34. Qh5 Qf6 35. Rb8+ Ke7 36. Qd1 Qe6 37. Rb7+ Kf6 38. Qh5 1-0

[Event "XVII. DBMM Schach"]
[Site "Berlin"]
[Date "2017.11.02"]
[Round "1.4"]
[White "Kleeschaetzky, Ralf"]
[Black "Goepel, Helmut"]
[Result "1/2-1/2"]
[WhiteElo "2239"]
[BlackElo "1767"]
[Annotator "br"]
[PlyCount "63"]
[EventDate "2017.??.??"]
[EventType "team-swiss"]
[EventRounds "7"]
[EventCountry "GER"]
[SourceTitle "XVII. DBMM 2017"]
[Source "FV Schach e.V."]
[SourceDate "2018.05.26"]
[SourceVersion "1"]
[SourceVersionDate "2018.05.26"]
[SourceQuality "1"]
[WhiteTeam "Deutsche Bahn/BSW Berlin"]
[BlackTeam "Gardez Robe Berlin"]
[WhiteTeamCountry "GER"]
[BlackTeamCountry "GER"]

1. Nf3 c5 2. c4 Nc6 3. d4 cxd4 4. Nxd4 g6 5. e4 Bg7 6. Be3 Nf6 7. Nc3 d6 8. Be2
O-O 9. Qd2 Ng4 10. Bxg4 Bxg4 11. O-O a6 12. f3 Bd7 13. Rfd1 Rc8 14. b3 Qa5 15.
Rac1 Ne5 16. Nd5 Qd8 17. Ne2 Bc6 18. Nb6 Rb8 19. a4 Nd7 20. a5 Nxb6 21. Bxb6
Qd7 22. c5 f5 23. exf5 Rxf5 24. cxd6 Rd5 25. Qb4 Rxd6 26. Rxd6 exd6 27. Bd4 Re8
28. Bxg7 Kxg7 29. Nd4 Qe7 30. Qc3 Kg8 31. h3 Bd5 32. Rd1 1/2-1/2

[Event "XVII. DBMM Schach"]
[Site "Berlin"]
[Date "2017.11.02"]
[Round "1.1"]
[White "Schramm, Christian"]
[Black "Feikes, Joerg"]
[Result "1-0"]
[WhiteElo "2368"]
[BlackElo "1971"]
[Annotator "br"]
[PlyCount "33"]
[EventDate "2017.??.??"]
[EventType "team-swiss"]
[EventRounds "7"]
[EventCountry "GER"]
[SourceTitle "XVII. DBMM 2017"]
[Source "FV Schach e.V."]
[SourceDate "2018.05.26"]
[SourceVersion "1"]
[SourceVersionDate "2018.05.26"]
[SourceQuality "1"]
[WhiteTeam "AGI Frankfurt"]
[BlackTeam "BA Tempelhof Berlin II"]
[WhiteTeamCountry "GER"]
[BlackTeamCountry "GER"]

1. e4 e5 2. Nf3 Nc6 3. Bb5 a6 4. Ba4 d6 5. c3 f5 6. d3 Nf6 7. O-O Be7 8. Nbd2
O-O 9. Bb3+ Kh8 10. Ng5 d5 11. exd5 Nxd5 12. Nde4 fxe4 13. Nxh7 Nf6 14. Nxf6
Rxf6 15. Qh5+ Rh6 16. Bxh6 Bg4 17. Bxg7+ 1-0

[Event "XVII. DBMM Schach"]
[Site "Berlin"]
[Date "2017.11.02"]
[Round "1.2"]
[White "Schmidt, Joerg"]
[Black "Rietze, Clemens"]
[Result "0-1"]
[WhiteElo "1781"]
[BlackElo "2319"]
[Annotator "br"]
[PlyCount "54"]
[EventDate "2017.??.??"]
[EventType "team-swiss"]
[EventRounds "7"]
[EventCountry "GER"]
[SourceTitle "XVII. DBMM 2017"]
[Source "FV Schach e.V."]
[SourceDate "2018.05.26"]
[SourceVersion "1"]
[SourceVersionDate "2018.05.26"]
[SourceQuality "1"]
[WhiteTeam "BA Tempelhof Berlin II"]
[BlackTeam "AGI Frankfurt"]
[WhiteTeamCountry "GER"]
[BlackTeamCountry "GER"]

1. e4 c5 2. b3 e6 3. Bb2 a6 4. c4 b6 5. Be2 Bb7 6. Bf3 Qc7 7. Ne2 d6 8. d4 cxd4
9. Nxd4 Nf6 10. Nc3 Nbd7 11. O-O Be7 12. Rc1 O-O 13. g3 Rac8 14. Bg2 Rfe8 15.
f4 Qb8 16. Re1 g6 17. Nf3 Rcd8 18. Qe2 Qa8 19. Kh1 Nc5 20. Nd2 d5 21. e5 Nh5
22. b4 dxc4 23. Nxc4 Bxg2+ 24. Qxg2 Qxg2+ 25. Kxg2 Nd3 26. Re2 Nxc1 27. Bxc1
Rc8 0-1

[Event "XVII. DBMM Schach"]
[Site "Berlin"]
[Date "2017.11.02"]
[Round "1.3"]
[White "Guth, Thomas"]
[Black "Thomas, Andreas"]
[Result "1-0"]
[WhiteElo "2328"]
[BlackElo "1852"]
[Annotator "br"]
[PlyCount "27"]
[EventDate "2017.??.??"]
[EventType "team-swiss"]
[EventRounds "7"]
[EventCountry "GER"]
[SourceTitle "XVII. DBMM 2017"]
[Source "FV Schach e.V."]
[SourceDate "2018.05.26"]
[SourceVersion "1"]
[SourceVersionDate "2018.05.26"]
[SourceQuality "1"]
[WhiteTeam "AGI Frankfurt"]
[BlackTeam "BA Tempelhof Berlin II"]
[WhiteTeamCountry "GER"]
[BlackTeamCountry "GER"]

1. e4 c5 2. Nf3 e6 3. Nc3 Nc6 4. d4 cxd4 5. Nxd4 Nxd4 6. Qxd4 a6 7. Bf4 Nf6 8.
e5 Ng8 9. Ne4 Qa5+ 10. c3 Qc7 11. Nd6+ Bxd6 12. exd6 Qd8 13. Qxg7 Qf6 14. Qxf6
1-0

[Event "XVII. DBMM Schach"]
[Site "Berlin"]
[Date "2017.11.02"]
[Round "1.1"]
[White "Koscielski, Janusz"]
[Black "Seger, Ruediger"]
[Result "1/2-1/2"]
[WhiteElo "2337"]
[BlackElo "2342"]
[Annotator "br"]
[PlyCount "79"]
[EventDate "2017.??.??"]
[EventType "team-swiss"]
[EventRounds "7"]
[EventCountry "GER"]
[SourceTitle "XVII. DBMM 2017"]
[Source "FV Schach e.V."]
[SourceDate "2018.05.26"]
[SourceVersion "1"]
[SourceVersionDate "2018.05.26"]
[SourceQuality "1"]
[WhiteTeam "EKJ Herne und Wanne-Eickel"]
[BlackTeam "Deutsche Post Bonn"]
[WhiteTeamCountry "GER"]
[BlackTeamCountry "GER"]

1. e4 c6 2. d4 d5 3. Nc3 dxe4 4. Nxe4 Bf5 5. Ng3 Bg6 6. Nf3 Nd7 7. h4 h6 8. h5
Bh7 9. Bd3 Bxd3 10. Qxd3 e6 11. Bd2 Ngf6 12. O-O-O Be7 13. Qe2 O-O 14. Ne5 c5
15. Nxd7 Qxd7 16. dxc5 Qd5 17. Kb1 Qxc5 18. Ne4 Qc6 19. Nxf6+ Bxf6 20. Bf4 Rad8
21. Bc1 Rxd1 22. Rxd1 Rd8 23. Rxd8+ Bxd8 24. g4 b5 25. g5 Qd5 26. Qg4 f5 27.
gxf6 Bxf6 28. a3 a5 29. Qe2 Kf7 30. Qg4 Qc4 31. Qd1 Qd4 32. Qf3 Qd5 33. Qg4 Qf5
34. Qd1 Ke7 35. Qf1 Qd5 36. Qe2 Kd7 37. Bd2 a4 38. Bc1 Be7 39. Qg4 Qc4 40. Qd1+
{Rest unleserlich.} 1/2-1/2

[Event "XVII. DBMM Schach"]
[Site "Berlin"]
[Date "2017.11.02"]
[Round "1.2"]
[White "Stanetzek, Carsten"]
[Black "Hortolani, Sven Holger"]
[Result "0-1"]
[WhiteElo "2211"]
[BlackElo "2149"]
[Annotator "br"]
[PlyCount "26"]
[EventDate "2017.??.??"]
[EventType "team-swiss"]
[EventRounds "7"]
[EventCountry "GER"]
[SourceTitle "XVII. DBMM 2017"]
[Source "FV Schach e.V."]
[SourceDate "2018.05.26"]
[SourceVersion "1"]
[SourceVersionDate "2018.05.26"]
[SourceQuality "1"]
[WhiteTeam "Deutsche Post Bonn"]
[BlackTeam "EKJ Herne und Wanne-Eickel"]
[WhiteTeamCountry "GER"]
[BlackTeamCountry "GER"]

1. e4 e6 2. d4 d5 3. exd5 exd5 4. Nf3 Nf6 5. Bd3 Bd6 6. Qe2+ Qe7 7. Qxe7+ Kxe7
8. Nc3 c6 9. O-O Re8 10. Bg5 Be6 11. Ne5 h6 12. Bd2 c5 13. Nb5 cxd4 {Rest
unleserlich.} 0-1

[Event "XVII. DBMM Schach"]
[Site "Berlin"]
[Date "2017.11.02"]
[Round "1.3"]
[White "Leveikina, Jevgenija"]
[Black "Lunnebach, Oliver"]
[Result "1/2-1/2"]
[WhiteElo "2099"]
[BlackElo "2086"]
[Annotator "br"]
[PlyCount "154"]
[EventDate "2017.??.??"]
[EventType "team-swiss"]
[EventRounds "7"]
[EventCountry "GER"]
[SourceTitle "XVII. DBMM 2017"]
[Source "FV Schach e.V."]
[SourceDate "2018.05.26"]
[SourceVersion "1"]
[SourceVersionDate "2018.05.26"]
[SourceQuality "1"]
[WhiteTeam "EKJ Herne und Wanne-Eickel"]
[BlackTeam "Deutsche Post Bonn"]
[WhiteTeamCountry "GER"]
[BlackTeamCountry "GER"]

1. d4 Nf6 2. Nf3 e6 3. Bg5 Be7 4. e3 b6 5. Bd3 Bb7 6. Nbd2 c5 7. c3 d6 8. O-O
Nbd7 9. e4 h6 10. Bh4 Nh5 11. Bxe7 Qxe7 12. e5 Nf4 13. exd6 Qxd6 14. Be4 Bxe4
15. Nxe4 Qc6 16. Re1 O-O 17. Qd2 Ng6 18. Rad1 Rfd8 19. Qe3 c4 20. h4 Qd5 21. g3
Ngf8 22. Qf4 Ng6 23. Qe3 Rf8 24. Qe2 b5 25. Rb1 Rad8 26. b3 e5 27. h5 Ne7 28.
bxc4 bxc4 29. Ned2 exd4 30. Qxe7 dxc3 31. Qe4 Qxh5 32. Nxc4 Nf6 33. Qe2 Rfe8
34. Nfe5 Qf5 35. Rbc1 Nd5 36. Qf3 Qe6 37. Nd3 Qd7 38. Rxe8+ Rxe8 39. Kg2 f6 40.
Nf4 Nxf4+ 41. gxf4 Rc8 42. Ne3 Rc5 43. Qa8+ Kh7 44. Qe4+ f5 45. Qf3 Qf7 46. Rc2
Qg6+ 47. Qg3 Qc6+ 48. Qf3 Qg6+ 49. Kh2 Qf6 50. Ng2 a5 51. Qe2 Qc6 52. Ne1 Rc4
53. Qf3 Qa4 54. Rxc3 Rxf4 55. Qe2 Qd4 56. Re3 Rh4+ 57. Kg1 Qf6 58. Qf1 Qc6 59.
Qg2 Rg4 60. Rg3 Qc1 61. Qf1 Rd4 62. Nd3 Qc2 63. Qa1 Qc4 64. Qb1 Qc7 65. Qb2 Qd7
66. Qe2 g6 67. Ne5 Rd1+ 68. Kh2 Qd6 69. Nxg6 Ra1 70. Qb5 Rd1 71. Qe2 Ra1 72.
Qe8 Qf6 73. Qd7+ Kg8 74. Qd5+ Kh7 75. Qd7+ Kg8 76. Qd5+ Kh7 77. Qd7+ Kg8 {
Rest unleserlich.} 1/2-1/2

[Event "XVII. DBMM Schach"]
[Site "Berlin"]
[Date "2017.11.02"]
[Round "1.4"]
[White "Dehmel, Jens"]
[Black "Selmanaj, Agim"]
[Result "1-0"]
[WhiteElo "2082"]
[BlackElo "1643"]
[Annotator "br"]
[PlyCount "79"]
[EventDate "2017.??.??"]
[EventType "team-swiss"]
[EventRounds "7"]
[EventCountry "GER"]
[SourceTitle "XVII. DBMM 2017"]
[Source "FV Schach e.V."]
[SourceDate "2018.05.26"]
[SourceVersion "1"]
[SourceVersionDate "2018.05.26"]
[SourceQuality "1"]
[WhiteTeam "Deutsche Post Bonn"]
[BlackTeam "EKJ Herne und Wanne-Eickel"]
[WhiteTeamCountry "GER"]
[BlackTeamCountry "GER"]

1. d4 g6 2. e4 Bg7 3. Nc3 d6 4. Be3 Nc6 5. Bb5 Bd7 6. Qd2 a6 7. Be2 e5 8. Nf3
f6 9. O-O-O exd4 10. Nxd4 Nxd4 11. Bxd4 Be6 12. Kb1 Ne7 13. h4 h5 14. Qf4 Nc6
15. Be3 Qd7 16. Qg3 Qf7 17. Nd5 O-O-O 18. a3 Kb8 19. Nf4 Ne7 20. Nxe6 Qxe6 21.
Bd3 Qf7 22. Rhe1 Nc6 23. f4 Bh6 24. Qf3 Rhe8 25. g4 hxg4 26. Qxg4 b5 27. Rg1
Rg8 28. Qg2 Ne7 29. a4 c6 30. Qd2 Nc8 31. Qa5 Qb7 32. axb5 axb5 33. Rxg6 Rxg6
34. Qxd8 Bg7 35. f5 Rg4 36. h5 Rh4 37. h6 Bxh6 38. Qxf6 Bxe3 39. Qxh4 c5 40. e5
1-0

[Event "XVII. DBMM Schach"]
[Site "Berlin"]
[Date "2017.11.02"]
[Round "1.1"]
[White "Thiede, Lars"]
[Black "Feil, Stephan"]
[Result "1/2-1/2"]
[WhiteElo "2433"]
[BlackElo "2084"]
[Annotator "br"]
[PlyCount "51"]
[EventDate "2017.??.??"]
[EventType "team-swiss"]
[EventRounds "7"]
[EventCountry "GER"]
[SourceTitle "XVII. DBMM 2017"]
[Source "FV Schach e.V."]
[SourceDate "2018.05.26"]
[SourceVersion "1"]
[SourceVersionDate "2018.05.26"]
[SourceQuality "1"]
[WhiteTeam "BA Tempelhof Berlin"]
[BlackTeam "SG Bayer Berlin"]
[WhiteTeamCountry "GER"]
[BlackTeamCountry "GER"]

1. c4 Nf6 2. g3 e5 3. Bg2 Nc6 4. Nf3 a5 5. O-O h6 6. d4 exd4 7. Nxd4 Bc5 8. e3
O-O 9. Nc3 Re8 10. b3 Nxd4 11. exd4 Bb4 12. Na4 d5 13. c5 b5 14. a3 bxa4 15.
axb4 Ba6 16. Re1 axb3 17. bxa5 Rb8 18. Rb1 Bc4 19. Bb2 c6 20. Ra1 Ra8 21. Rxe8+
Nxe8 22. Bf1 Rxa5 23. Bxc4 Rxa1 24. Bxa1 dxc4 25. Qe2 Nf6 26. Qxc4 1/2-1/2

[Event "XVII. DBMM Schach"]
[Site "Berlin"]
[Date "2017.11.02"]
[Round "1.2"]
[White "Bladt, Friedhelm"]
[Black "Schildt, Rene"]
[Result "0-1"]
[WhiteElo "2018"]
[BlackElo "2112"]
[Annotator "br"]
[PlyCount "70"]
[EventDate "2017.??.??"]
[EventType "team-swiss"]
[EventRounds "7"]
[EventCountry "GER"]
[SourceTitle "XVII. DBMM 2017"]
[Source "FV Schach e.V."]
[SourceDate "2018.05.26"]
[SourceVersion "1"]
[SourceVersionDate "2018.05.26"]
[SourceQuality "1"]
[WhiteTeam "SG Bayer Berlin"]
[BlackTeam "BA Tempelhof Berlin"]
[WhiteTeamCountry "GER"]
[BlackTeamCountry "GER"]

1. e4 d5 2. exd5 Qxd5 3. Nf3 Nf6 4. d4 g6 5. c4 Qd8 6. h3 Bg7 7. Be3 O-O 8. Nc3
a6 9. Qd2 Re8 10. Be2 Bf5 11. Nh4 Ne4 12. Nxe4 Bxe4 13. Bf3 Bxf3 14. Nxf3 Nd7
15. Rd1 b5 16. b3 Qc8 17. O-O Qb7 18. d5 Ne5 19. Nxe5 Bxe5 20. Bd4 Bxd4 21.
Qxd4 b4 22. Rfe1 c6 23. Qc5 cxd5 24. Rxd5 e6 25. Rd6 a5 26. Red1 Qe4 27. Rd7
Qc2 28. R1d2 Qb1+ 29. Kh2 e5 30. Qc7 Qf5 31. g3 e4 32. g4 Qf6 33. R7d6 Qe5+ 34.
Kh1 e3 35. Re2 Rac8 0-1

[Event "XVII. DBMM Schach"]
[Site "Berlin"]
[Date "2017.11.02"]
[Round "1.4"]
[White "Althaus, Boris"]
[Black "Kettenburg, Stefan"]
[Result "0-1"]
[WhiteElo "1414"]
[BlackElo "2063"]
[Annotator "br"]
[PlyCount "56"]
[EventDate "2017.??.??"]
[EventType "team-swiss"]
[EventRounds "7"]
[EventCountry "GER"]
[SourceTitle "XVII. DBMM 2017"]
[Source "FV Schach e.V."]
[SourceDate "2018.05.26"]
[SourceVersion "1"]
[SourceVersionDate "2018.05.26"]
[SourceQuality "1"]
[WhiteTeam "SG Bayer Berlin"]
[BlackTeam "BA Tempelhof Berlin"]
[WhiteTeamCountry "GER"]
[BlackTeamCountry "GER"]

1. e4 c6 2. Bc4 d5 3. exd5 cxd5 4. Bb5+ Nc6 5. Nf3 Nf6 6. Ne5 Qc7 7. d4 a6 8.
Bxc6+ bxc6 9. O-O e6 10. Bg5 Bd6 11. Bxf6 gxf6 12. Ng4 f5 13. Ne5 Bxe5 14. dxe5
Qxe5 15. Nc3 Qc7 16. Qd4 Rg8 17. Na4 Bb7 18. Rfe1 Rg4 19. Qh8+ Ke7 20. Rxe6+
fxe6 21. Qxh7+ Kd6 22. Qxc7+ Kxc7 23. Nc5 Rag8 24. g3 Bc8 25. Re1 Kd6 26. f3
Rc4 27. Nb3 Rxc2 28. a3 Rxb2 0-1

[Event "XVII. DBMM Schach"]
[Site "Berlin"]
[Date "2017.11.02"]
[Round "1.1"]
[White "Lenhardt, Manfred"]
[Black "Gohla, Ulf"]
[Result "0-1"]
[WhiteElo "2086"]
[BlackElo "2171"]
[Annotator "br"]
[PlyCount "50"]
[EventDate "2017.??.??"]
[EventType "team-swiss"]
[EventRounds "7"]
[EventCountry "GER"]
[SourceTitle "XVII. DBMM 2017"]
[Source "FV Schach e.V."]
[SourceDate "2018.05.26"]
[SourceVersion "1"]
[SourceVersionDate "2018.05.26"]
[SourceQuality "1"]
[WhiteTeam "Vattenfall Berlin"]
[BlackTeam "Vodafone"]
[WhiteTeamCountry "GER"]
[BlackTeamCountry "GER"]

1. d4 d5 2. Nf3 Nf6 3. c4 c6 4. Nc3 dxc4 5. a4 Bf5 6. e3 e6 7. Bxc4 Nbd7 8. O-O
Bb4 9. Qe2 Bg6 10. Rd1 O-O 11. Bd2 Qe7 12. h3 Rfd8 13. a5 Rac8 14. a6 b6 15.
Be1 h6 16. Bd3 Bxd3 17. Rxd3 e5 18. dxe5 Nxe5 19. Nxe5 Qxe5 20. Rad1 Rxd3 21.
Qxd3 Qa5 22. e4 Re8 23. f3 b5 24. Bh4 g5 25. Bf2 Qxa6 {Zeit.} 0-1

[Event "XVII. DBMM Schach"]
[Site "Berlin"]
[Date "2017.11.02"]
[Round "1.2"]
[White "Scheffner, Axel"]
[Black "Busse, Wolfgang"]
[Result "0-1"]
[WhiteElo "2249"]
[BlackElo "1841"]
[Annotator "br"]
[PlyCount "81"]
[EventDate "2017.??.??"]
[EventType "team-swiss"]
[EventRounds "7"]
[EventCountry "GER"]
[SourceTitle "XVII. DBMM 2017"]
[Source "FV Schach e.V."]
[SourceDate "2018.05.26"]
[SourceVersion "1"]
[SourceVersionDate "2018.05.26"]
[SourceQuality "1"]
[WhiteTeam "Vodafone"]
[BlackTeam "Vattenfall Berlin"]
[WhiteTeamCountry "GER"]
[BlackTeamCountry "GER"]

1. d4 Nf6 2. c4 g6 3. Nc3 Bg7 4. e4 d6 5. Be2 O-O 6. Bg5 Nbd7 7. Qd2 Re8 8. h4
c5 9. d5 h5 10. f3 Ne5 11. Nh3 Bd7 12. Nf2 Qc8 13. a4 b6 14. a5 bxa5 15. Rxa5
a6 16. O-O Rb8 17. Qc2 Qb7 18. Ncd1 Ra8 19. Bd2 Reb8 20. Ra3 Qc8 21. Ne3 Ne8
22. Rfa1 Rxb2 23. Qd1 Rbb8 24. f4 Ng4 25. Nexg4 hxg4 26. Bc3 f5 27. e5 Qc7 28.
Nd3 Bc8 29. Qe1 e6 30. Ba5 Qe7 31. Qg3 Bb7 32. Rd1 exd5 33. cxd5 c4 34. Nb4
dxe5 35. d6 Nxd6 36. Rxd6 Qxd6 37. Bxc4+ Kh7 38. h5 Qc5+ 39. Kh1 Qxc4 40. Rc3
Qf1+ 41. Kh2 0-1

[Event "XVII. DBMM Schach"]
[Site "Berlin"]
[Date "2017.11.02"]
[Round "1.3"]
[White "Schulze, Norbert"]
[Black "Tochtrop, Matthias"]
[Result "0-1"]
[WhiteElo "1794"]
[BlackElo "2173"]
[Annotator "br"]
[PlyCount "72"]
[EventDate "2017.??.??"]
[EventType "team-swiss"]
[EventRounds "7"]
[EventCountry "GER"]
[SourceTitle "XVII. DBMM 2017"]
[Source "FV Schach e.V."]
[SourceDate "2018.05.26"]
[SourceVersion "1"]
[SourceVersionDate "2018.05.26"]
[SourceQuality "1"]
[WhiteTeam "Vattenfall Berlin"]
[BlackTeam "Vodafone"]
[WhiteTeamCountry "GER"]
[BlackTeamCountry "GER"]

1. d4 g6 2. c4 Bg7 3. e4 Nc6 4. Nf3 d6 5. d5 Nb8 6. Bd3 a5 7. Nc3 Na6 8. O-O
Nc5 9. Bc2 e5 10. Bg5 f6 11. Be3 Nh6 12. h3 O-O 13. Qd2 Nf7 14. a3 Bd7 15. b4
axb4 16. axb4 Na6 17. Rab1 f5 18. exf5 gxf5 19. Qe1 Qe7 20. Nh2 Rae8 21. b5 Nc5
22. Bxc5 dxc5 23. Na4 b6 24. f4 e4 25. Qg3 Kh8 26. Rfe1 Rg8 27. Kh1 Nd6 28. Qb3
Qh4 29. Rf1 Bd4 30. Rbe1 Rg3 31. Qb1 Nxc4 32. Re2 Reg8 33. Rfe1 Qxf4 34. Qc1
Qxc1 35. Rxc1 Bxb5 36. Nf1 Ra3 0-1

[Event "XVII. DBMM Schach"]
[Site "Berlin"]
[Date "2017.11.02"]
[Round "1.4"]
[White "Limbourg, Marina"]
[Black "Schirmag, Wolfgang"]
[Result "1/2-1/2"]
[WhiteElo "2018"]
[BlackElo "1629"]
[Annotator "br"]
[PlyCount "74"]
[EventDate "2017.??.??"]
[EventType "team-swiss"]
[EventRounds "7"]
[EventCountry "GER"]
[SourceTitle "XVII. DBMM 2017"]
[Source "FV Schach e.V."]
[SourceDate "2018.05.26"]
[SourceVersion "1"]
[SourceVersionDate "2018.05.26"]
[SourceQuality "1"]
[WhiteTeam "Vodafone"]
[BlackTeam "Vattenfall Berlin"]
[WhiteTeamCountry "GER"]
[BlackTeamCountry "GER"]

1. e4 c5 2. Nf3 e6 3. d4 cxd4 4. Nxd4 a6 5. Be2 Qc7 6. O-O b5 7. f4 Bb7 8. Bf3
Nc6 9. Nb3 d6 10. f5 e5 11. Nc3 Nf6 12. Be3 Na5 13. Nxa5 Qxa5 14. a3 Qc7 15.
Qe1 Bc6 16. Rd1 Qb7 17. Bg5 O-O-O 18. Nd5 Bxd5 19. exd5 Rd7 20. Rd3 Rc7 21.
Bxf6 gxf6 22. Rc3 Qb6+ 23. Kh1 Rc5 24. Be4 h5 25. Rff3 Kd7 26. b4 Rc4 27. Bd3
Rxc3 28. Qxc3 Qc7 29. Qxc7+ Kxc7 30. Rh3 h4 31. g3 Rh6 32. gxh4 Rh5 33. Kg2 Bh6
34. Kf3 Bc1 35. Ke4 Bg5 36. Be2 Rxh4+ 37. Rxh4 Bxh4 1/2-1/2

[Event "XVII. DBMM Schach"]
[Site "Berlin"]
[Date "2017.11.02"]
[Round "1.1"]
[White "Heinrich, Thomas"]
[Black "Segerberg, Tomas"]
[Result "1-0"]
[WhiteElo "2215"]
[BlackElo "2103"]
[Annotator "br"]
[PlyCount "105"]
[EventDate "2017.??.??"]
[EventType "team-swiss"]
[EventRounds "7"]
[EventCountry "GER"]
[SourceTitle "XVII. DBMM 2017"]
[Source "FV Schach e.V."]
[SourceDate "2018.05.26"]
[SourceVersion "1"]
[SourceVersionDate "2018.05.26"]
[SourceQuality "1"]
[WhiteTeam "le-tex GmbH Leipzig"]
[BlackTeam "SV Osram Berlin II"]
[WhiteTeamCountry "GER"]
[BlackTeamCountry "GER"]

1. d4 e6 2. Nf3 Nf6 3. Bf4 d5 4. e3 Be7 5. Nbd2 O-O 6. Bd3 b6 7. O-O Ba6 8. c4
dxc4 9. Nxc4 Bxc4 10. Bxc4 c5 11. Qe2 a6 12. Rfd1 b5 13. dxc5 Qc8 14. Bd3 Qxc5
15. Rac1 Qb6 16. Nd4 Bc5 17. Nb3 Nbd7 18. Qf3 Rac8 19. Bb1 Be7 20. Qg3 Nc5 21.
Bh6 Ne8 22. h4 Kh8 23. Bf4 Nf6 24. Be5 Nxb3 25. axb3 Kg8 26. Rxc8 Rxc8 27. Qf3
Qc6 28. Qf4 Z0 29. g4 Nd5 30. Qe4 g6 31. g5 Bf8 32. h5 Ne7 33. Qf4 Nd5 34. Qd4
Qc5 35. Qxc5 Rxc5 36. Bd4 Rc8 37. h6 f5 38. gxf6 Kf7 39. Be4 Rd8 40. Rc1 Rd7
41. Bxd5 exd5 42. Rc6 Bxh6 43. Rxa6 Bf8 44. Rb6 b4 45. Kg2 h6 46. f4 Bd6 47.
Kf3 Bf8 48. Kg4 Bd6 49. f5 h5+ 50. Kg5 gxf5 51. Kxf5 h4 52. Kg4 Ke6 53. Bc5 1-0

[Event "XVII. DBMM Schach"]
[Site "Berlin"]
[Date "2017.11.02"]
[Round "1.2"]
[White "Lange, Rudolf"]
[Black "Rohne, Lars"]
[Result "1/2-1/2"]
[WhiteElo "1851"]
[BlackElo "2145"]
[Annotator "br"]
[PlyCount "96"]
[EventDate "2017.??.??"]
[EventType "team-swiss"]
[EventRounds "7"]
[EventCountry "GER"]
[SourceTitle "XVII. DBMM 2017"]
[Source "FV Schach e.V."]
[SourceDate "2018.05.26"]
[SourceVersion "1"]
[SourceVersionDate "2018.05.26"]
[SourceQuality "1"]
[WhiteTeam "SV Osram Berlin II"]
[BlackTeam "le-tex GmbH Leipzig"]
[WhiteTeamCountry "GER"]
[BlackTeamCountry "GER"]

1. d4 g6 2. Bf4 d6 3. e3 Bg7 4. Nf3 Nd7 5. h3 e5 6. Bh2 Ne7 7. Be2 O-O 8. O-O
exd4 9. exd4 Nf5 10. c3 Nb6 11. Nbd2 Bd7 12. Re1 a5 13. Nc4 Na4 14. Qc2 b5 15.
Ncd2 Nb6 16. Bd3 Rb8 17. Nf1 b4 18. Ne3 Nxe3 19. fxe3 bxc3 20. bxc3 Ba4 21. Qe2
Nd5 22. Qd2 Bh6 23. Bc4 Nb6 24. Bd3 Bc6 25. Rab1 Bxf3 26. gxf3 Qh4 27. Qg2 Nd5
28. Bg3 Qe7 29. e4 Rxb1 30. Bxb1 Nxc3 31. Bd3 Bg7 32. Qf2 Qe6 33. e5 dxe5 34.
dxe5 Nxa2 35. Kg2 Nb4 36. Be4 Bxe5 37. f4 Bd6 38. f5 Bxg3 39. Qxg3 Qf6 40. Rf1
h6 41. fxg6 Qg5 42. Qxg5 hxg5 43. Rf5 a4 44. Rb5 c5 45. Rxc5 a3 46. gxf7+ Rxf7
47. Rxg5+ Rg7 48. Rxg7+ Kxg7 1/2-1/2

[Event "XVII. DBMM Schach"]
[Site "Berlin"]
[Date "2017.11.02"]
[Round "1.4"]
[White "Genz, Andreas"]
[Black "Hartmann, Uwe"]
[Result "1/2-1/2"]
[WhiteElo "1640"]
[BlackElo "1964"]
[Annotator "br"]
[PlyCount "59"]
[EventDate "2017.??.??"]
[EventType "team-swiss"]
[EventRounds "7"]
[EventCountry "GER"]
[SourceTitle "XVII. DBMM 2017"]
[Source "FV Schach e.V."]
[SourceDate "2018.05.26"]
[SourceVersion "1"]
[SourceVersionDate "2018.05.26"]
[SourceQuality "1"]
[WhiteTeam "SV Osram Berlin II"]
[BlackTeam "le-tex GmbH Leipzig"]
[WhiteTeamCountry "GER"]
[BlackTeamCountry "GER"]

1. c4 e5 2. g3 Nf6 3. Bg2 Be7 4. Nc3 O-O 5. Nf3 d6 6. d4 exd4 7. Nxd4 Na6 8.
O-O Nc5 9. b4 Ne6 10. Nf5 Rb8 11. Bb2 c6 12. Qc2 Qc7 13. Rad1 Rd8 14. a3 Nf8
15. Rfe1 Bxf5 16. Qxf5 Qd7 17. Qc2 Qe6 18. Ne4 Nxe4 19. Bxe4 Bf6 20. Bf5 Qe7
21. e4 Bxb2 22. Qxb2 Qe5 23. Qc2 g6 24. Bh3 Ne6 25. f4 Qf6 26. a4 Nd4 27. Qf2
c5 28. b5 b6 29. Bg2 Re8 30. g4 1/2-1/2